Normal view
MARC view
Entry Topical Term
001 - CONTROL NUMBER
- control field: 14735
003 - CONTROL NUMBER IDENTIFIER
- control field: BD-RjUL
005 - DATE AND TIME OF LATEST TRANSACTION
- control field: 20241223144111.0
008 - FIXED-LENGTH DATA ELEMENTS
- fixed length control field: 241223|| aca||aabn | a|a d
040 ## - CATALOGING SOURCE
- Original cataloging agency: BD-RjUL
- Transcribing agency: BD-RjUL
150 ## - HEADING--TOPICAL TERM
- Form subdivision: Personal correspondence Wajid ʻAli Shah, King of Oudh
670 ## - SOURCE DATA FOUND
- Source citation: Work cat.: (BD-RjUL)84562: Bāqir, Muḥammad 14733, تارىخ ممتاز : / Tārīk̲h̲-i Mumtāz : , 1952.